عشق کا عین , Ishq ka ain / (Record no. 599685)

000 -LEADER
fixed length control field 00318nam a2200121Ia 4500
008 - FIXED-LENGTH DATA ELEMENTS--GENERAL INFORMATION
fixed length control field 230907s9999||||xx |||||||||||||| ||und||
082 ## - DEWEY DECIMAL CLASSIFICATION NUMBER
Classification number 891.439
Author Mark HAQ
245 #0 - TITLE STATEMENT
Title عشق کا عین , Ishq ka ain /
260 ## - PUBLICATION, DISTRIBUTION, ETC.
Place of publication, distribution, etc. Khazeena Ilm O Adab,
Name of publisher, distributor, etc. Lahore :
Date of publication, distribution, etc. 2010
300 ## - PHYSICAL DESCRIPTION
Extent 304 p.
650 ## - SUBJECT ADDED ENTRY--TOPICAL TERM
Topical term or geographic name entry element Urdu Literature.
942 ## - ADDED ENTRY ELEMENTS (KOHA)
Koha item type Book
Holdings
Withdrawn status Lost status Damaged status Not for loan Permanent Location Current Location Date acquired Total Checkouts Full call number Barcode Date last seen Price effective from Koha item type
        US-Pakistan Center for Advanced Studies in Energy (USPCAS-E) US-Pakistan Center for Advanced Studies in Energy (USPCAS-E) 10/01/2019   891.439 HAQ CAS-E0003784 09/12/2023 09/12/2023 Book
© 2023 Central Library, National University of Sciences and Technology. All Rights Reserved.